| 000 | 01187nam0a22002411 4500 | ||
|---|---|---|---|
| 001 | rc\3654895 | ||
| 005 | 20250610055238.0 | ||
| 021 |
_aRU _b75-3132 |
||
| 035 | _a(NLR Aleph) 007736417 | ||
| 090 |
_a7111109 _c7111109 |
||
| 100 | _a20130115d1974 |||y0rusy50 ca | ||
| 101 | 0 | _arus | |
| 102 | _aRU | ||
| 105 | _aa z ||||| | ||
| 200 | 1 |
_aСтенограмма _fТоржеств. заседание Кабард.-Балкар. обкома КПСС и Верховного Совета КБАССР, посвящ. вручению Кабард.-Балкар. АССР ордена Дружбы народов. 29 янв. 1974 г. |
|
| 210 |
_aНальчик _cЭльбрус _d1974 |
||
| 215 |
_a46 с. _cил. _d20 |
||
| 710 | 1 | 2 | _aКПСС. Кабардино-Балкаркий обл. комитет и Верховный Совет Кабардино-Балкарской АССР. Торжественное заседание, посвященное вручению Кабардино-Балкарской АССР ордена Дружбы народов (1974) |
| 801 | 0 |
_aRU _bNLR _gpsbo |
|
| 801 | 1 |
_aRU _bELAR _2rusmarc |
|
| 852 |
_aNLR _j74-4/35383 |
||
| 942 | _cBOOK | ||
| 980 | _aNB | ||